Science 7-11 : developing primary teaching skills

Αποθηκεύτηκε σε:
Λεπτομέρειες βιβλιογραφικής εγγραφής
Κύριος συγγραφέας: Carre, Clive
Άλλοι συγγραφείς: Ovens, Carrie 1960-
Μορφή: Βιβλίο
Γλώσσα:English
Δημοσίευση: London : Routledge, 1994
Σειρά:Curriculum in primary practice
Θέματα:
Ετικέτες: Προσθήκη ετικέτας
Δεν υπάρχουν, Καταχωρήστε ετικέτα πρώτοι!

MARC

LEADER 00000nam a2200000 i 4500
001 1/96430
008 000126s1994 eng d
020 |a 0-415-10509-9 
035 |l 10055757 
040 |a GR-MY-UA  |b gre  |e aacr 
041 0 |a eng 
082 0 |a 372.35 
100 1 |a Carre, Clive. 
245 1 0 |a Science 7-11 :  |b developing primary teaching skills /  |c Clive Carre, Carrie Ovens 
260 |a London :   |b Routledge,   |c 1994 
300 |a 117 p. 
490 1 |a Curriculum in primary practice 
650 0 0 |a Science  |x Study and teaching (Primary) 
650 0 0 |a Science  |x Study and teaching (Secondary) 
650 0 0 |a Science teachers  |x Training of. 
650 0 0 |a Elementary school teachers  |x Training of. 
650 0 0 |a Curriculum planning. 
700 1 |a Ovens, Carrie  |d 1960- 
830 0 |a Curriculum in primary practice 
852 |a INST  |b RHODES  |e 20000126  |h 372.35 CAR  |p 005400012767  |q 005400012767  |t BK  |y 0 
901 |a BIBL4-2000-1 
909 |a Ρ  |b 070005 
922 |a 4ΕΛΗ  |b 199910  |c ΚΠΣ/154  |d GLORY BOOKS 
950 |a 154-1999-07-22 
970 |a ΚΟΥΛΑΚΙΟΤΗ  |b ΛΙΤΣΑ  |z 2000/01/26